The philosophies of science / (Record no. 40279)
[ view plain ]
| 000 -LEADER | |
|---|---|
| fixed length control field | 00551cam a2200217 a 4500 |
| 001 - CONTROL NUMBER | |
| control field | 3332396 |
| 005 - DATE AND TIME OF LATEST TRANSACTION | |
| control field | 20180115073458.0 |
| 008 - FIXED-LENGTH DATA ELEMENTS--GENERAL INFORMATION | |
| fixed length control field | 850611s1985 enk b 001 0 eng |
| 010 ## - LIBRARY OF CONGRESS CONTROL NUMBER | |
| LC control number | 85013846 |
| 020 ## - INTERNATIONAL STANDARD BOOK NUMBER | |
| International Standard Book Number | 0192892010 (pbk.) : |
| Terms of availability | $6.50 |
| 040 ## - CATALOGING SOURCE | |
| Original cataloging agency | DLC |
| Transcribing agency | DLC |
| Modifying agency | DLC |
| 041 ## - LANGUAGE CODE | |
| Language code of text/sound track or separate title | eng |
| 080 ## - UNIVERSAL DECIMAL CLASSIFICATION NUMBER | |
| Universal Decimal Classification number | 501 |
| 082 00 - DEWEY DECIMAL CLASSIFICATION NUMBER | |
| Classification number | 501 HAR |
| Edition number | 19 |
| 100 1# - Rafti | |
| Rafti | 24 |
| 101 ## - Shkurtesa | |
| Shkurtesa | FIL |
| 245 14 - TITLE STATEMENT | |
| Title | The philosophies of science / |
| Statement of responsibility, etc | Rom Harré. |
| 504 ## - BIBLIOGRAPHY, ETC. NOTE | |
| Bibliography, etc | Bibliography: p. [196]-198. |
| 906 ## - LOCAL DATA ELEMENT F, LDF (RLIN) | |
| a | 7 |
| b | cbc |
| c | orignew |
| d | 1 |
| e | ocip |
| f | 19 |
| g | y-gencatlg |
| 942 ## - ADDED ENTRY ELEMENTS (KOHA) | |
| Source of classification or shelving scheme | |
| Item type | Books |
No items available.